ბათუმის შოთა რუსთაველის სახელმწიფო უნივერსიტეტის ბიბლიოთეკა

Основы общей теории перевода (ბიბ.ჩანაწერი № 35277)

000 -LEADER
fixed length control field 00640nam a2200229Ia 4500
001 - CONTROL NUMBER
control field 1126
003 - CONTROL NUMBER IDENTIFIER
control field GE_BSU
008 - FIXED-LENGTH DATA ELEMENTS--GENERAL INFORMATION
fixed length control field 181216s||||||||xx |||||||||||||| ||und||
040 ## - CATALOGING SOURCE
Transcribing agency GE_BSU
080 ## - UNIVERSAL DECIMAL CLASSIFICATION NUMBER
Universal Decimal Classification number 81(075.8)
100 ## - MAIN ENTRY--PERSONAL NAME
Personal name Федоров,А.В.
245 ## - TITLE STATEMENT
Title Основы общей теории перевода
245 ## - TITLE STATEMENT
Remainder of title Лингвистические проблемы
250 ## - EDITION STATEMENT
Edition statement 4-е перер. и допол.
260 ## - PUBLICATION, DISTRIBUTION, ETC.
Place of publication, distribution, etc. Москва
260 ## - PUBLICATION, DISTRIBUTION, ETC.
Name of publisher, distributor, etc. Высшая школа
260 ## - PUBLICATION, DISTRIBUTION, ETC.
Date of publication, distribution, etc. 1983
300 ## - PHYSICAL DESCRIPTION
Extent 303стр.
653 ## - INDEX TERM--UNCONTROLLED
Uncontrolled term Основы общей теории перевода
942 ## - ADDED ENTRY ELEMENTS (KOHA)
Koha item type წიგნი
ეგზემპლარები
Withdrawn status Lost status Damaged status Not for loan Date acquired Barcode Date last seen Price effective from Koha item type
        2018-12-17 1729 2018-12-17 2018-12-17 წიგნი